| 000 | 00765nam a2200253Ia 4500 | ||
|---|---|---|---|
| 003 | OSt | ||
| 005 | 20220923220758.0 | ||
| 006 | a|||||r|||| 00| 0 | ||
| 007 | ta | ||
| 008 | 220922b |||||||| |||| 00| 0 hin d | ||
| 024 | _a190,335 | ||
| 037 | _cTextual | ||
| 040 |
_aARTS _cARTS _bhin |
||
| 041 |
_2hin _ahin |
||
| 082 | _aO152,2N30,BB, M5 | ||
| 100 | _aशेष, शंकर | ||
| 245 | 0 | _aबिन बाती के दीप | |
| 246 | _aBin bātī ke dīpa | ||
| 260 |
_aदिल्ली _b पराग प्रकाशन _c1985 |
||
| 300 |
_a120पृ. _ccm. |
||
| 650 |
_aहिन्दी साहित्य _9156264 |
||
| 942 |
_hO152,2N30,BB, M5 _cTEXL _2CC |
||
| 999 |
_c343111 _d343111 |
||